Стабильные радикалы в составе тяжелой смолы пиролиза; Нефтехимия; Т. 43, № 4

Bibliografiske detaljer
Parent link:Нефтехимия: научный журнал/ Российская академия наук (РАН).— , 1963-.— 0028-2421
Т. 43, № 4.— 2003.— С. 282-284
Andre forfattere: Галимов Р. А., Тагирзянов М. И., Якубов М. Р., Морозов В. И.
Sprog:russisk
Udgivet: 2003
Fag:
Format: MixedMaterials Book Chapter
KOHA link:https://koha.lib.tpu.ru/cgi-bin/koha/opac-detail.pl?biblionumber=387962

MARC

LEADER 00000naa2a2200000 4500
001 387962
005 20231101063658.0
035 |a (RuTPU)RU\TPU\prd\18341 
090 |a 387962 
100 |a 20031013a2003 k y0rusy50 ca 
101 0 |a rus 
102 |a RU 
200 1 |a Стабильные радикалы в составе тяжелой смолы пиролиза  |f Р. А. Галимов, М. И. Тагирзянов, М. Р. Якубов, В. И. Морозов 
320 |a Библиогр.: 8 назв. 
461 1 |0 (RuTPU)RU\TPU\prd\1600  |x 0028-2421  |t Нефтехимия  |o научный журнал  |f Российская академия наук (РАН)  |d 1963- 
463 1 |0 (RuTPU)RU\TPU\prd\18083  |t Т. 43, № 4  |v С. 282-284  |d 2003 
610 1 |a стабильные радикалы 
610 1 |a тяжелые смолы 
610 1 |a пиролиз 
675 |a 665.7:661  |v 3 
701 1 |a Галимов  |b Р. А. 
701 1 |a Тагирзянов  |b М. И. 
701 1 |a Якубов  |b М. Р. 
701 1 |a Морозов  |b В. И. 
801 1 |a RU  |b 63413507  |c 20031013  |g PSBO 
801 2 |a RU  |b 63413507  |c 20130723  |g RCR 
942 |c BK